000 00296nam a22001337a 4500
008 181023b xxu||||| |||| 00| 0 eng d
020 _a0395661463
041 _aeng
080 _26th
_a371
100 _a46
101 _aEDU
245 _aReading Skills Handbook
_cWiener,H.S
942 _2udc
_cBK
999 _c50574
_d50574